Visual basic 6 for dummies

Furkejuvvon:
Bibliográfalaš dieđut
Váldodahkki: WANG, Wallace
Materiálatiipa: Girji
Giella:eaŋgalasgiella
Almmustuhtton: Wiley Publishing 1998
Fáddágilkorat: Lasit fáddágilkoriid
Eai fáddágilkorat, Lasit vuosttaš fáddágilkora!

MARC

LEADER 00000nam a22000007a 4500
008 211130b ||||| |||| 00| 0 eng d
020 |a : 0-7645-0370-7 
100 |a WANG, Wallace 
245 |a Visual basic 6 for dummies  |c Wallace Wang  |g xxiv, 475p. 
260 |b  Wiley Publishing  |c 1998  |h New York  |i 680853  |l QA76.73 .W18  |m Microsoft Visual Basic for windows  |m BASIC (Computer program language).  |m Title. 
500 |a “It includes index and accompanied with CD”. (For Dummies 
942 |a lcc  |c BK  |e J .O. Ifatola  |f 30/ 11/ 2021 
952 |0 0  |1 0  |2 lcc  |4 0  |6 QA007673 W18  |7 0  |9 3937  |a HOL  |b HOL  |c QZ  |d 2021-11-30  |l 0  |o QA76.73 .W18  |p 2021-67659  |r 2021-11-30 00:00:00  |t 680853  |w 2021-11-30  |y BK 
999 |c 1970  |d 1970